00522nam a2200133Ia 4500008004100000040001800041041000800059100003100067245006500098260007300163300004100236651004500277651006600322130821s1934 xxu gr eng  aCo-BoUCMbspa00aeng1 aMunro, Dana Gardnerd1892-14aThe United States and the Caribbean areacDana Gardner Munro aBoston (Massachusetts, Estados Unidos)bWorld Peace Foundationc1934 aviii páginas, 1 l. , 316 páginas 7aAmérica CentralxPolítica y gobierno 7aEstados UnidosbRelaciones internacionaleszAmérica Central